Statystyki dla Miasta na prawach powiatu Z MAPĄ

Kliknij tutaj aby rozwiązać quiz!

Ogólne statystyki

  • Ten quiz został rozwiązany 845 razy
  • Średni wynik to 49 z 66

Odpowiedzi na mapie

Odpowiedzi skodowane kolorowo w zielono-czerwonej skali na mapie do tego quizu, zgodnie z poniższymi procentami.
 

Statystyki odpowiedzi

Odpowiedź% Poprawnych
Gdańsk
97%
Gdynia
96%
Warszawa
96%
Szczecin
95%
Sopot
93%
Białystok
92%
Bydgoszcz
92%
Kraków
92%
Łódź
92%
Poznań
92%
Wrocław
92%
Olsztyn
91%
Toruń
91%
Opole
90%
Gorzów Wielkopolski
89%
Lublin
89%
Zielona Góra
89%
Radom
88%
Rzeszów
88%
Świnoujście
88%
Katowice
86%
Elbląg
84%
Kielce
84%
Suwałki
84%
Koszalin
83%
Częstochowa
82%
Płock
80%
Tarnów
79%
Słupsk
77%
Legnica
75%
Przemyśl
75%
Włocławek
75%
Kalisz
74%
Nowy Sącz
74%
Jelenia Góra
73%
Łomża
73%
Wałbrzych
73%
Konin
72%
Piotrków Trybunalski
71%
Bielsko-Biała
70%
Grudziądz
70%
Sosnowiec
70%
Zamość
70%
Biała Podlaska
69%
Gliwice
69%
Chełm
68%
Siedlce
67%
Ostrołęka
66%
Tarnobrzeg
65%
Zabrze
65%
Bytom
64%
Krosno
64%
Chorzów
63%
Leszno
63%
Skierniewice
63%
Rybnik
62%
Tychy
60%
Dąbrowa Górnicza
59%
Ruda Śląska
56%
Mysłowice
51%
Żory
51%
Jastrzębie-Zdrój
48%
Jaworzno
46%
Siemianowice Śląskie
46%
Piekary Śląskie
44%
Świętochłowice
41%

Rozkład punktacji

Percentyl według liczby udzielonych odpowiedzi

Procent ludzi z każdym wynikiem

Twoja historia wyników

Nie rozwiązałeś tego quizu